Departments of Napoleonic France in 1812 with a Map - Statistics

General Stats
  • This quiz has been taken 3,086 times
    2,861 since last reset
  • The average score is 28 of 143
Answers on the Map
Answers color-coded by a green-red scale on the quiz's map according to % correct below.
 
Answer Stats
Provinces % Correct
Corse
84%
Rome
64%
Dalmatie
59%
Croatie Civile
45%
Croatie Militaire
45%
Istrie
41%
Gênes
40%
Loire
39%
Seine
37%
Raguse
35%
Rhône
35%
Nord
32%
Haut-Rhin
31%
Bas-Rhin
30%
Carinthie
29%
Moselle
29%
Pas-de-Calais
29%
Finistère
28%
Marne
28%
Var
28%
Meuse
27%
Cher
26%
Jura
26%
Vendée
26%
Ain
25%
Alpes-Maritimes
25%
Ardennes
25%
Bouches-du-Rhône
25%
Carniole
25%
Frise
25%
Gironde
25%
Loire-Inférieure
25%
Manche
25%
Morbihan
25%
Somme
25%
Calvados
24%
Hautes-Alpes
24%
Oise
24%
Seine-Inférieure
24%
Aisne
23%
Landes
23%
Loiret
23%
Meurthe
23%
Pyrénées-Orientales
23%
Charente
22%
Charente-Inférieure
22%
Côte-d'Or
22%
Dordogne
22%
Eure
22%
Haute-Garonne
22%
Hautes-Pyrénées
22%
Ille-et-Vilaine
22%
Lot
22%
Seine-et-Marne
22%
Tarn
22%
Vaucluse
22%
Vosges
22%
Ardèche
21%
Aude
21%
Côtes-du-Nord
21%
Gard
21%
Haute-Loire
21%
Hérault
21%
Isère
21%
Loir-et-Cher
21%
Vienne
21%
Allier
20%
Aube
20%
Creuse
20%
Deux-Sèvres
20%
Doubs
20%
Drôme
20%
Indre
20%
Lot-et-Garonne
20%
Mayenne
20%
Orne
20%
Tarn-et-Garonne
20%
Ariège
19%
Aveyron
19%
Cantal
19%
Corrèze
19%
Eure-et-Loir
19%
Gers
19%
Haute-Marne
19%
Haute-Vienne
19%
Indre-et-Loire
19%
Maine-et-Loire
19%
19%
Puy-de-Dôme
19%
Sarthe
19%
Yonne
19%
Haute-Saône
18%
Lozère
18%
Nièvre
18%
Saône-et-Loire
18%
Seine-et-Oise
15%
Bouches-du-Rhin
14%
Escaut
13%
Léman
13%
Erfurt
12%
Sarre
12%
Arno
11%
Basses-Pyrénées
11%
Forêts
11%
Mont-Blanc
11%
Basses-Alpes
10%
Bouches-de-l'Elbe
10%
Lys
10%
Ter
10%
Bouches-de-l'Ebre
9%
Dyle
9%
Montserrat
9%
Rhin-et-Moselle
9%
Roer
9%
Sambre-et-Meuse
9%
Zuyderzee
9%
Bouches-de-la-Meuse
8%
Bouches-de-l'Escaut
8%
Bouches-du-Weser
8%
Deux-Nethes
8%
Ems-Occidental
8%
Ems-Oriental
8%
Jemmape
8%
Lippe
8%
Méditerranée
8%
Ourthe
8%
Sègre
8%
Apennins
7%
Bouches-de-l'Yssel
7%
Ems-Supérieur
7%
Marengo
7%
Meuse-Inférieure
7%
Mont-Tonnere
7%
Ombrone
7%
Simplon
7%
Taro
7%
Trasimène
7%
Yssel-Supérieur
7%
Doire
6%
Montenotte
6%
Sésia
6%
Stura
6%
Catzenelleboggen
1%
No matching quizzes found
Score Distribution
Percent of People with Each Score
Percentile by Number Answered
Your Score History
You have not taken this quiz since the last reset